Quizzes
Events
Quiz Creation
Community
Videos
Private Events
Remove Ads
Sign In
Join for FREE
Feedback
Dark Mode
Quiz Categories
Sports
Geography
Music
Movies
Television
Just For Fun
Miscellaneous
History
Literature
Language
Science
Gaming
Entertainment
Religion
Holiday
For Kids
Quiz Lab
Recent
Popular Today
Quiz Kudos Today
Editor Picks
Curator Picks
Quizzes by...
Day
Popularity
Type
Ratings
Length
Year
Community
Subscriptions
Recent Discussions
Orange Saloon
Badges
Playlists
Quests
Create
Leaderboards
Showdown
Live 5
Trivia Bingo
Activity
Puzzle Library
Sporcle Events
Private Events
Virtual Trivia
Globe League
Become a Host
Pub Owners
SporcleCon
Opinionation
Our Games
Videos
Blog
Mobile Apps
Partnerships
Remove Ads and Go Orange
Feedback
Geography
Country
Landmarks
City
State
Population
World
Capital
Continent
Flags
Europe
Africa
Asia
South America
North America
Oceania
Border
Canada
United Kingdom
Topography
United States
Geography
Country
Landmarks
City
State
Population
World
Capital
Continent
Flags
Europe
Africa
Asia
South America
North America
Oceania
Border
Canada
United Kingdom
Topography
United States
Random Quiz
Search Sporcle
×
Quiz Lab
Quiz Lab
Geography
State
Type in answers that appear in a list
Type in answers that appear in a list
Classic
Best Score? Go Orange.
Four Seasons Hotels Stats
Can you name the Four Seasons Hotels?
By
golfmax76
12m
86 Questions
198 Plays
198 Plays
198 Plays
Comments
Comments
Give Quiz Kudos
Give Quiz Kudos
-
- Ratings
hide this ad
Random Order
Randomize order of answers
Randomize order of answers
Replay
Link that replays current quiz
Next Quiz
Link to next quiz in quiz playlist
You Got
0%
They Got
Avg Score
52%
Avg Friend Score
Upgrade to see
Score Distribution
Jump to the score distribution portion of the page
Score
0/86
Timer
12:00
0
Plays Today
state/country
city
% Correct
California
Los Angeles
89.3%
United Kingdom
London
86.3%
Egypt
Cairo
85.3%
Egypt
Cairo
85.3%
California
Beverly Wilshire
84.8%
France
Paris
84.8%
Illinois
Chicago
83.8%
California
San Francisco
83.8%
Texas
Dallas
83.2%
Florida
Miami
83.2%
Texas
Houston
81.7%
New York
New York
80.7%
Singapore
Singapore
80.2%
Japan
Tokyo
79.7%
Japan
Tokyo
79.7%
Thailand
Bangkok
79.2%
Nevada
Las Vegas
78.2%
DC
Washington
78.2%
Mexico
Mexico City
77.7%
British Columbia
Vancouver
77.7%
California
San Diego
76.1%
Colorado
Denver
76.1%
Ireland
Dublin
75.6%
Ontario
Toronto
74.6%
Turkey
Istanbul
74.6%
Turkey
Istanbul
74.6%
China
Shanghai
74.1%
Italy
Milan
74.1%
Massachusetts
Boston
73.6%
state/country
city
% Correct
Washington
Seattle
73.6%
China
Hong Kong
73.1%
Australia
Sydney
73.1%
Georgia
Atlanta
71.1%
Indonesia
Jakarta
70.1%
Czech Republic
Prague
70.1%
Pennsylvania
Philadelphia
68.5%
Texas
Austin
67%
Argentina
Buenos Aires
67%
Taiwan
Taipei
66%
Switzerland
Geneva
65.5%
Portugal
Lisbon
64%
Missouri
St Louis
63.5%
India
Mumbai
63.5%
Hungary
Budapest
63.5%
Hawaii
Maui
60.4%
Lebanon
Beirut
58.4%
Egypt
Alexandria
57.9%
Qatar
Doha
53.8%
Saudi Arabia
Riyadh
53.3%
Italy
Florence
52.3%
Jordan
Amman
52.3%
Syria
Damascus
51.8%
Indonesia
Bali
46.7%
Indonesia
Bali
46.7%
Wyoming
Jackson Hole
45.7%
Colorado
Vail
42.6%
Arizona
Scottsdale
42.1%
British Columbia
Whistler
35.5%
state/country
city
% Correct
French Polynesia
Bora Bora
35%
China
Macau
32%
St Kitts and Nevis
Nevis
29.4%
Thailand
Chiang Mai
28.9%
California
Santa Barbara
27.4%
Florida
Palm Beach
26.9%
Hawaii
Hualalai
25.4%
Mauritius
Mauritius
25.4%
Seychelles
Mahe
25.4%
Egypt
Sharm El Sheikh
23.9%
Hawaii
Lanai
21.3%
Hawaii
Lanai
21.3%
China
Hangzhou
19.8%
Thailand
Koh Samui
19.8%
United Kingdom
Hampshire
16.2%
Thailand
Golden Triangle
14.7%
Malaysia
Langkawi
14.7%
California
Palo Alto
13.2%
United Kingdom
Canary Wharf
13.2%
Mexico
Punta Mita
12.2%
France
Provence
11.7%
Uruguay
Carmelo
10.7%
Costa Rica
Papagayo
10.7%
Illinois
Chicago Ritz
9.6%
California
Westlake
9.6%
Singapore
Singapore Regent
8.1%
Maldives
Kuda Huraa
4.6%
Maldives
Landaa Giraavaru
4.1%
Quiz Playlist
Details
Report
Send in Message
Add To Playlist
Classic:
Type in answers that appear in a list
Random Order:
Randomize order of answers
Last Updated: Feb 16, 2017
Quiz Scoreboard
CHALLENGE
Sign Up to Join the Scoreboard
Show All
Scores
Hide
Comments
May contain spoilers
Recently Published
An Introduction to Baseball
by treessimontrees
Sports
5m
Movies - When Are They Set?
by FPL_Elf
Movies
5m
Popular People in 1961
by mucciniale
History
6m
More to Explore
Quiz From the Vault
Featured Blog Post
Where Did the Easter Bunny Come From?
hide this ad
You Might Also Like...
Tags
City Quiz
Country Quiz
State Quiz
four
hotel
season
Today's Top Quizzes in Geography
Browse Geography
hide this ad
Today's Top Quizzes in State
Browse State
Top Contributed Quizzes in Geography
1
Countries of the World - No Outlines Minefield
2
Top 25 Cities of France on a map
3
Closest Countries to UK A-Z
4
Any capital of a 'B' country per Continent
5
One Thing in Common: United Kingdom
6
Find the Provinces of Canada - No Outlines Minefield
7
Any capital of a 'C' country per Continent
8
Blind Secret Country CLXXXVIII
9
Find the US States - No Outlines
10
Any capital of a 'D' country per Continent
Explore More
Trending Topics
Anime
Marvel
Crossword
NBA
Harry Potter
Disney
Kpop
Puzzle
WWE
The Office
Soccer
Pokémon
NFL
Song
Country
hide this ad
More By:
golfmax76
Quiz
Plays
Rating
Category
Featured
Created
Four Seasons Hotels
198
1.33
Geography
May 26, 2010
Go to Creator's Profile
Score Distribution
Quiz Creator Spotlight
golfmax76
Follow
Send a Message
Quizzes Created
-
Created Quiz Play Count
-
More By This Creator
Popular Quizzes Today
1
Find the Countries of Europe - No Outlines Minefield
2
Find the US States - No Outlines Minefield
3
The Countries of the World
4
Popular People in 1961
5
US States
6
Find the US States
7
1-10 Letter E Words III
8
Risky Map Clicking: Biggest States A-Z
More Geography Quizzes
Countries by Number of Letters Minefield
Published
Trending Quizzes
Risky Map Clicking: Least Populous States A-Z
1-10 Letter F Words
1-10 Letter G Words
One Thing in Common: United Kingdom
Risky Map Clicking: Next State Alphabetically
Recently Updated
Leaping Animals
pecheneg
Reality TV Shows (A-Z)
bhenderson79
Rickey Henderson's Hall of Fame Teammates
pecheneg
Champions League XIs: Arsenal
pecheneg
Quick Pick: Celebrities in WWE's Hall of Fame
aduchscher
A-Z Keypad Blitz II
pecheneg
Multiple Oscar Actors
pecheneg
Mystery Phrase Blitz: Oscar 'Best Actors'
pecheneg
F. Scott Fitzgerald Novels
LTH
Pick 3 Villains
ddd62291
Trending Topics
Disney
NBA
Kpop
Harry Potter
Marvel
Crossword
Anime
Pokémon
Song
NFL
WWE
Soccer
Puzzle
Country
The Office
Your Account Isn't Verified!
In order to create a playlist on Sporcle, you need to verify the email address you used during registration. Go to your
Sporcle Settings
to finish the process.
Report this User
Report this user for behavior that violates our
Community Guidelines
.
Details:
Send Report
Go to the Sporcle.com Mobile Site →
Comments